00844nam a2200205 i 450000100060000000300090000600500170001500800410003202000180007308000500009111100740014124501320021526000720034730000290041950400200044860000600046870000350052871000500056385200250061310125ES-MaACL20240605120248.0950214s1993 sp ||||1| spa d a84-604-6421-0 a860 Hernández, Miguel (1910-1942) 1.06(063)2 aCongreso Internacional Miguel Hernández (n1º. d1992. cAlicante)10aMiguel Hernández, cincuenta años después : bactas del I Congreso Internacional / ccoordinación, José Carlos Rovira. aAlicante : bComisión del Homenaje a Miguel Hernández, c[1993] a2 v. (529 p.) ; c24 cm. aBibliografía.14aHernández, Miguel,d1910-1942-vCongresos y asambleas0 aRovira, José Carlos, d1949-2 aComisión del Homenaje a Miguel Hernández. aES-MaACLjL-15160-61